Datum a čas kvízu

38.5 Celkem bodů Celkový počet nahraných bodů na tomto kvízu bez doplňovacích otázek.
3. Pořadí na kvízu Konečné umístění týmu na tomto kvízu.

Zaznamenané odpovědi

# Otázka Odpověď Body Výsledky
1. Již pošestnácté připravilo měs... 28 Kč 1
2. Po krátké době se opět ptáme n... Rishi Sunak 1
3. Do Prahy se po šesti letech vr... The Cure 0
4. Jistý nadnárodní výrobce sport... Adidas 1
5. Jedna naše sportovkyně minulý... Zuzana Hejnová 1
6. Závěrem října se ve velké část... Samhain 0
7. Opomenout slavný horror Hallow... Michael Myers, John Carpenter 0.5
8. K svátku Halloween patří neodm... patizon, cuketa (cukína) 1
9. Svítilny, které se při oslavác... Jack-o'-lantern 1
10. Halloween rády slaví i celebri... Kim Kardashian (West) 1